Packaging in Malaysia : December 2013.
| Format: | Book |
|---|---|
| Published: |
London:
Euromonitor International,
2013.
|
| Series: | Market report : December 2013
|
| Subjects: |
| LEADER | 00449cam a2200145 7i4500 | ||
|---|---|---|---|
| 001 | 0000031046 | ||
| 005 | 20140227090000.0 | ||
| 090 | 0 | 0 | |a SR 658.564 |b PAC |
| 245 | 0 | 0 | |a Packaging in Malaysia : |b December 2013. |
| 260 | 0 | 0 | |a London: |b Euromonitor International, |c 2013. |
| 300 | # | # | |a 35 p. |
| 440 | 0 | 0 | |a Market report : December 2013 |
| 650 | 0 | 0 | |a Packaging -- |x Markets -- |z Malaysia |
| 651 | 0 | 0 | |a Malaysia |
| 999 | |a B000033913 |b Book |c Services |e Business Information Centre | ||